Music Quiz

Random Music Quiz

'Geek Stink Breath' lyrics by Green Day Quiz Stats

 Plays Quiz not verified by Sporcle

Score 0/186 Timer 09:00
0 Plays Today
% Correct
a
100%
I
100%
a
100%
a
100%
I
100%
I
100%
a
100%
a
100%
a
100%
I
100%
a
100%
I
100%
a
100%
a
100%
I
100%
And
97.9%
And
97.9%
And
97.9%
And
97.9%
And
97.9%
And
97.9%
And
97.9%
and
97.9%
And
97.9%
And
97.9%
And
97.9%
I'm
95.8%
on
95.8%
my
95.8%
my
95.8%
my
95.8%
I'm
95.8%
on
95.8%
I'm
95.8%
I'm
95.8%
my
95.8%
my
95.8%
my
95.8%
on
95.8%
I'm
95.8%
on
95.8%
I'm
95.8%
I'm
95.8%
my
95.8%
I'm
95.8%
on
95.8%
I'm
95.8%
on
95.8%
I'm
95.8%
I'm
95.8%
my
95.8%
of
93.8%
out
93.8%
out
93.8%
of
93.8%
it
93.8%
no
91.7%
no
91.7%
no
91.7%
no
91.7%
mission
89.6%
made
89.6%
% Correct
decision
89.6%
all
89.6%
that
89.6%
all
89.6%
that
89.6%
mission
89.6%
decision
89.6%
all
89.6%
that
89.6%
self
87.5%
it's
87.5%
roll
87.5%
self
87.5%
control
87.5%
know
87.5%
what
87.5%
I've
87.5%
roll
87.5%
self
87.5%
control
87.5%
know
87.5%
what
87.5%
I've
87.5%
roll
87.5%
self
87.5%
control
87.5%
know
87.5%
what
87.5%
I've
87.5%
blowing
85.4%
got
85.4%
blowing
85.4%
got
85.4%
got
85.4%
blowing
85.4%
got
85.4%
destruction
83.3%
with
83.3%
don't
83.3%
want
83.3%
is
83.3%
is
83.3%
with
83.3%
with
83.3%
don't
83.3%
want
83.3%
with
83.3%
don't
83.3%
want
83.3%
off
81.3%
off
81.3%
face
81.3%
time
81.3%
off
81.3%
off
81.3%
face
81.3%
off
81.3%
off
81.3%
face
81.3%
path
79.2%
the
79.2%
in
79.2%
% Correct
in
79.2%
the
79.2%
rotting
77.1%
pulse
77.1%
beating
77.1%
steam
75%
methamphetamine
75%
picking
75%
scabs
75%
Every
75%
filled
75%
steam
75%
methamphetamine
75%
picking
75%
scabs
75%
one
75%
one
75%
filled
75%
steam
75%
methamphetamine
75%
picking
75%
scabs
75%
Breath
75%
killing
72.9%
teeth
72.9%
sick
72.9%
pleasure
72.9%
Geek
72.9%
Stink
72.9%
that's
70.8%
hour
70.8%
blood
70.8%
that's
70.8%
sh**
70.8%
that's
70.8%
complexion
68.8%
Well
68.8%
sour
68.8%
found
68.8%
treasure
68.8%
line
68.8%
Well
68.8%
running
68.8%
Well
68.8%
Lead
66.7%
turning
66.7%
sits
66.7%
white
66.7%
Wish
66.7%
other
66.7%
gets
66.7%
hand
64.6%
progression
62.5%
rat
62.5%
race
62.5%
see
62.5%
which
60.4%
first
60.4%
Slow
58.3%
Like
58.3%
thick
56.3%
cripple
47.9%

You're not logged in!

Compare scores with friends on all Sporcle quizzes.
OR
Log In

You Might Also Like...

Show Comments

Extras

Created Sep 18, 2017ReportNominate
Tags:1995, Green Day, insomniac, punk, punk rock

Top Quizzes Today


Score Distribution

Your Account Isn't Verified!

In order to create a playlist on Sporcle, you need to verify the email address you used during registration. Go to your Sporcle Settings to finish the process.

Report this User

Report this user for behavior that violates our Community Guidelines.

Details: